01356cam a2200337 a 4500001000500000005001700005020003800022020003500060020003100095020001800126020002800144040002300172050003100195082001600226100003300242245007800275246003900353250004700392260002800439300002300467505000700490520019500497521002600692521001700718650004400735700003200779906004500811942001500856999001500871952013200886256920240103090920.0 a9780374531553 (pbk. : alk. paper) a0374531552 (pbk. : alk. paper) a9780374100148 (alk. paper) a9780330447430 a0374100144 (alk. paper) aDLCcDLCdDLCbeng00aPQ8098.12.O38bA12213 200800a863/.642221 aBolaño, Robertod1953-200310a2666 /cRoberto Bolaño ; translated from the Spanish by Natasha Wimmer.3 aTwo thousand six hundred sixty six aFirst published in Great Britian by Picard aLondon :bPicard,c2009 a898 pages :c20 cm aT  aAn American sportswriter, an elusive German novelist, and a teenage student interact in an urban community on the U.S.-Mexico border where hundreds of young factory workers have disappeared. a900 bLexile estimate aT bRaz-Plus 0aWomenxCrimes againstzMexicovFiction.1 aWimmer, NatashaeTranslator a7bcbccorignewd1eecipf20gy-gencatlg 2ddccBKn0 c2569d2569 00102ddc40708FICa001b001cTKSFd2024-01-02l0oBOL 863/.64 PQ8098.12.O38pFISSE03231r2024-01-02 09:02:30w2024-01-02yBK